000 01449cam a22003614a 4500
001 12713034
003 OSt
005 20170518102839.0
008 020321s2003 maua b 001 0 eng
010 _a 2002021930
020 _a0072315326
040 _aMMU
_cMMU
_dMMU
_bEng
042 _apcc
050 0 0 _aHD30.2
_b.C42 2003
082 0 0 _a658.4/038
_221
100 1 _aThompson, Ronald L.
245 1 0 _aInformation technology and management /
_cRonald Thompson, William Cats-Baril.
250 _a2nd ed.
260 _aBoston, Mass. :
_bMcGraw-Hill,
_cc2003.
300 _axix, 537 p. :
_bcol. ill. ;
_c28 cm.
500 _aCats-Baril's name appears first on the earlier ed.
504 _aIncludes bibliographical references and index.
650 0 _aInformation technology
_xManagement.
650 0 _aManagement information systems.
650 0 _aInformation technology
_xManagement
_vCase studies.
700 1 _aCats-Baril, William L.
856 4 1 _3Table of contents
_uhttp://www.loc.gov/catdir/toc/mh031/2002021930.html
856 4 2 _3Publisher description
_uhttp://www.loc.gov/catdir/description/mh024/2002021930.html
856 4 2 _3Contributor biographical information
_uhttp://www.loc.gov/catdir/enhancements/fy0702/2002021930-b.html
906 _a7
_bcbc
_corignew
_d1
_eocip
_f20
_gy-gencatlg
942 _2lcc
_cSHORTLOAN
999 _c23309
_d23309